V záujme koho čakáme Spotrebiteľ má právo na ochranu

Podrobná bibliografia
Hlavní autori: Černá, Marta, 1936-2022 (Autor), Móricová, Marta (Autor)
Médium: Článok
Jazyk:slovenčina
Fyzický popis:Fot. 1.
Predmet:

MARC

LEADER 00000nab a2200000 a 4500
001 vtls000424682
003 SK-MaSNL
005 20260426071353.0
008 120925c1991 xo 0 slo
015 |a SNBRB19rr/mm-uuuuu 
035 |a CL0424810 
040 |a SNKBUCL  |b slo  |c SNKBUCL  |e AACR2 
041 0 |a slo 
044 |a xo  |c SK 
080 |a 339.17  |2 1981 
080 |a 339.378  |2 1981 
080 |a 347.451.031  |2 1981 
080 |a 658.6  |2 1981 
100 1 |a Černá, Marta,  |d 1936-2022  |4 aut  |9 261721 
245 1 0 |a V záujme koho čakáme  |b Spotrebiteľ má právo na ochranu  |c Marta Černá, Marta Móricová 
300 |b Fot. 1. 
650 0 7 |a obchody  |2 snkbucl  |9 3004 
650 0 7 |a sieť obchodná  |2 snkbucl  |9 882897 
650 0 7 |a ochrana spotrebiteľa  |2 snkbucl  |9 2673 
651 7 |a Slovensko  |2 snkbucl  |9 14231 
655 7 |a články z novín a časopisov  |2 snkbucl  |9 267496 
700 1 |a Móricová, Marta  |4 aut  |9 895480 
773 0 |t Národná obroda  |g Roč. 2, č. 196 (22. 8. 1991), s. 7 
850 |a Slovenská národná knižnica v Martine  |a MTA001 
852 |a SNK  |b KIS3GCP 
958 |a RK 
992 |a RBX 
999 |c 2677893  |d 2679823